000 00977nam a2200277 i 4500
001 000025019
003 DO-SdBNP
005 20240307073950.0
007 ta
008 110209s1994 dr 000 0 spa d
040 _aDO-SdBNP
_bspa
_cBNPHU
_erda
082 _a342.729307
_bR426c
_222
110 1 _aRepública Dominicana.
_b Junta Central Electoral
_964605
240 1 0 _a[Leyes, etc.]
245 1 0 _aCompilación de la legislación electoral de la República Dominicana /
_ccompilador Julio Brea Franco.
264 1 _aSanto Domingo :
_bJunta Central Electoral,
_c1994.
300 _a166 páginas
_c22 cm.
336 _2rdacontent
_atexto
_btxt
337 _2rdamedia
_asin mediación
_bn
338 _2rdacurrier
_avolumen
_bnc
590 _aInventariado, 2018/ YL
650 4 _aElecciones
_xLegislación
_zRepública Dominicana
_9412
700 1 2 _aBrea Franco, Julio,
_d1948-
_ecompilador
_949163
910 _aYLockward/ Validado. Control de calidad MFF
942 _2ddc
_cLBS1
999 _c24512
_d24512